|
|
|
|
| LEADER |
00000nab a2200000 a 4500 |
| 001 |
vtls000195767 |
| 003 |
SK-MaSNL |
| 005 |
20260318124926.0 |
| 008 |
160204c1984 xo 0 eng |
| 015 |
|
|
|a SNBRA19rr/mm-uuuuu
|
| 035 |
|
|
|a CL0205880
|
| 040 |
|
|
|a SNKBUCL
|b slo
|c SNKBUCL
|e AACR2
|
| 041 |
0 |
|
|a eng
|
| 044 |
|
|
|a xo
|c SK
|
| 080 |
|
|
|a 541.12:543.4
|2 1981
|
| 080 |
|
|
|a 543.4
|2 1981
|
| 100 |
1 |
|
|a Gyepes, Eduard,
|d 1935-2015
|4 aut
|9 224593
|
| 245 |
1 |
0 |
|a Spectrophotometric study of reaction 4-/4- - dimethylamino/phenyl - 1 - phenylthiosemicarbazide with PcL (2)
|c E. Gyepes, J. Klačanová, A. Beňo
|
| 300 |
|
|
|b Tb. 4. Grafy 4. Res. slov., rus., lit. 21 zázn. rus., angl.
|
| 650 |
0 |
7 |
|a chemické reakcie
|2 snkbucl
|9 68996
|
| 655 |
|
7 |
|a články zo zborníkov
|2 snkbucl
|9 166140
|
| 700 |
1 |
|
|a Klačanová, J.
|4 aut
|9 1297747
|
| 700 |
1 |
|
|a Beňo, A.
|4 aut
|9 697764
|
| 773 |
0 |
|
|t Acta Facultatis rerum naturalium Universitatis Comenianae. Chimia 32
|d Bratislava : SPN, 1984
|g S. 83-92
|
| 850 |
|
|
|a Slovenská národná knižnica v Martine
|a MTA001
|
| 852 |
|
|
|a SNK
|b KIS3GCP
|
| 958 |
|
|
|a NB
|
| 958 |
|
|
|a RK
|
| 992 |
|
|
|a RZB
|
| 999 |
|
|
|c 2597169
|d 2599099
|